Sahitya jyotsana. Part 3 (Record no. 1337173)

MARC details
000 -LEADER
fixed length control field 00552nam a2200193Ia 4500
005 - DATE AND TIME OF LATEST TRANSACTION
control field 20250508152541.0
008 - FIXED-LENGTH DATA ELEMENTS--GENERAL INFORMATION
fixed length control field 008 250505s9999 xx 000 0 hin d
037 ## - SOURCE OF ACQUISITION
Stock number Textual
040 ## - CATALOGING SOURCE
Original cataloging agency FEDL
Language of cataloging eng
Transcribing agency FEDL
041 ## - LANGUAGE CODE
Language code of text/sound track or separate title hin
Source of code eng
084 ## - COLON CLASSIFICATION NUMBER
Classification number 891.43, GAU
Assigning agency FEDL
100 ## - MAIN ENTRY--PERSONAL NAME
Personal name Gourn Rajendra Singh
9 (RLIN) 761763
245 #0 - TITLE STATEMENT
Title Sahitya jyotsana. Part 3
260 ## - PUBLICATION, DISTRIBUTION, ETC.
Place of publication, distribution, etc. Varanasi, India
Name of publisher, distributor, etc. Hindi Pracharak Pustakalya
Date of publication, distribution, etc. 1958
300 ## - PHYSICAL DESCRIPTION
Extent 47p.
700 ## - ADDED ENTRY--PERSONAL NAME
Personal name Sastri Rambalak
9 (RLIN) 761764
942 ## - ADDED ENTRY ELEMENTS (KOHA)
Koha item type Textual
Classification part 891.43, GAU
Holdings
Withdrawn status Lost status Damaged status Not for loan Home library Current library Date acquired Total Checkouts Full call number Barcode Date last seen Price effective from Koha item type
        Department of Education Library Department of Education Library 2025-05-08   891.43, GAU EL0019243 2025-05-08 2025-05-08 Textual
Copyright @ Delhi University Library System